| 000 | 00524nam a2200217Ia 4500 | ||
|---|---|---|---|
| 008 | 210210b2011 xxu||||| |||| 00| 0 eng d | ||
| 020 | _a8121936144 | ||
| 041 | _aeng | ||
| 082 | _a657.42 TULT | ||
| 100 | _aTULSIAN (P C) | ||
| 245 | _aTulsians introduction to cost accounting | ||
| 260 |
_aNew Delhi _bS. Chand & Co. Ltd. _c2011 |
||
| 300 | _avii,799 | ||
| 650 | _aTulsians | ||
| 650 | _ato | ||
| 650 | _aintroduction | ||
| 650 | _acost | ||
| 650 | _aaccounting | ||
| 690 | _aCost Accounting | ||
| 906 | _a066983 | ||
| 999 |
_c149396 _d149396 |
||